000 00588nam a2200193 i 4500
001 112820
003 ES-MaACL
005 20230906185637.0
007 t|
008 061121s1972 sp |||| |bspa d
080 _a929Serna, Víctor de la
100 1 _aMuro de Íscar, Francisco.
_9149839
245 1 0 _aVíctor de la Serna, compañero /
_cFrancisco Muro de Íscar.
260 _aMadrid :
_bFundación Conrado Blanco,
_c1972.
300 _a197 p. ;
_c22 cm.
600 1 4 _aSerna, Víctor de la.
_9105577
710 2 _aFundación Conrado Blanco.
_94256
852 _aES-MaACL
_jC-42771
999 _c112820
_d112820